Mort subite: les communes de Sarthe (72) - Statistiques

Statistiques générales
  • Ce quiz a été pris 288 fois
  • Le résultat moyen est 5 sur 15
Answers on the Grid
Answers color-coded by a green-red scale on the quiz's grid according to % correct below.
Alençon
Arnage
Asnières sur Vègre
Bellême
Champagné
Château la Vallière
Chemillé sur Dême
Condé sur Sarthe
Connerré
Dissay sous Courcillon
Domfront en Champagne
Durtal
Evron
Gorron
La Chartre sur le Loir
La Suze sur Sarthe
Le Mêle sur Sarthe
Mamers
Meslay du Maine
Mondoubleau
Montoire sur le Loir
Morannes sur Sarthe
Nogent le Rotrou
Pontvallain
Sablé sur Sarthe
Saint Léonard des Bois
Saint Pavace
Savigny sur Braye
Sillé le Guillaume
Torcé en Vallée
 
Statistiques - réponses
Réponse % Correct
Arnage
87%
Champagné
66%
Connerré
49%
Mamers
34%
Asnières sur Vègre
31%
La Suze sur Sarthe
30%
Sablé sur Sarthe
28%
Sillé le Guillaume
24%
La Chartre sur le Loir
22%
Saint Pavace
21%
Domfront en Champagne
19%
Pontvallain
17%
Torcé en Vallée
17%
Saint Léonard des Bois
16%
Dissay sous Courcillon
13%
Aucun quiz correspondant
Distribution des résultats
% des personnes avec chaque résultat
Percentile par nombre de réponses
Votre historique - résultats
Vous n’avez pas pris ce quiz